Ministerio romano y ministerio universal del Papa : (Registro nro. 69941)
[ vista simple ]
| 000 -LÍDER | |
|---|---|
| Campo fijo de descripción fija | 01278nab a2200229 i 4500 |
| 001 - NÚMERO DE CONTROL | |
| Campo de control | 768714001 |
| 003 - IDENTIFICADOR DEL NÚMERO DE CONTROL | |
| Campo de control | CO-MdFUSB |
| 005 - FECHA Y HORA DE LA ULTIMA TRANSACCIÓN | |
| control field | 20240528074013.0 |
| 008 - ELEMENTOS DE LONGITUD FIJA -- INFORMACIÓN GENERAL | |
| Campo fijo de descripción fija -- Información general | 240528t1975 sp ||||| |||| 00| 0 spa d |
| 040 ## - FUENTE DE CATALOGACIÓN | |
| Idioma de catalogación | spa |
| Agencia que realiza la transcripción | CO-MdFUSB |
| Agencia que realiza la modificación | CO-MdFUSB |
| 041 ## - CÓDIGO DE IDIOMA | |
| Código de idioma para texto/pista de sonido o título separado | spa |
| 100 ## - ASIENTO PRINCIPAL--NOMBRE PERSONAL | |
| Nombre personal | Legrand, Hervé, |
| Fechas asociadas con el nombre | 1935- |
| Término relacionador | autor |
| 245 1# - TÍTULO | |
| Título | Ministerio romano y ministerio universal del Papa : |
| Subtitulo | el problema de su elección |
| Mención de responsabilidad | / Hervé Legrand ; traducido por José María de Llanos |
| 520 ## - NOTA DE RESUMEN, ETC. | |
| Nota de sumario, etc. | Reflexión sobre la propuesta del cardenal Suenens, quien en 1969 solicitaba que se devuelva la elección papal al colegio de los obispos. <br/>El autor analiza los siguientes puntos ¿Es esto tradicional? ¿Es coherente con esa mejor articulación que se busca entre las Iglesias locales y la Iglesia universal encomiando el desarrollo de la colegialidad episcopal? <br/> |
| 650 #7 - ASIENTO SECUNDARIO DE MATERIA - TERMINO TEMÁTICO | |
| Término temático o nombre geográfico como elemento de entrada | Clero -- |
| Término temático que sigue al nombre geográfico como elemento de entrada | Actividad política |
| 9 (RLIN) | 41 |
| 650 #7 - ASIENTO SECUNDARIO DE MATERIA - TERMINO TEMÁTICO | |
| Término temático o nombre geográfico como elemento de entrada | Iglesia |
| 9 (RLIN) | 655 |
| 650 #7 - ASIENTO SECUNDARIO DE MATERIA - TERMINO TEMÁTICO | |
| Término temático o nombre geográfico como elemento de entrada | Teología dogmática |
| 9 (RLIN) | 6937 |
| 700 ## - ENTR. SECUNDARIA - Nombre Personal (R) | |
| Nombre de persona | Llanos, José María de, |
| Término indicativo de función | traductor |
| 773 0# - ASIENTO DE ITEM FUENTE | |
| Biblionumber | 49450 |
| Itemnumber | 82689 |
| Otro identificador del ítem | R2598 |
| Título | Revista internacional de teología Concilium |
| Número de control del registro | (CO-MdFUSB)8 |
| Número Internacional Normalizado para Publicaciones Seriadas (ISSN) | 0210-1041 |
| Parte(s) relacionada(s) / Volumen., número. (mes año), páginas | Volumen 108, (septiembre - 0ctubre, 1975) páginas: 179 - 192 |
| Enumeración y primera página | páginas: 179 |
| 942 ## - TIPO DE MATERIAL (KOHA) | |
| Tipo de Item KOHA | Artículos de Revista |
| 945 ## - INFORMACIÓN LOCAL DEL REGISTRO | |
| Catalogador | Catherine Arias Álvarez - Practicante SENA |
No hay ítems disponibles.
